Alle Sieger von F1-Rennen in den USA - Statistiken

Allgemein
  • Dieses Quiz wurde 242 mal gespielt
    104 seit der letzten Aktualisierung
  • Das Durchschnittsergebnis liegt bei 44 aus 74
Antwortstatistiken
Nr. Jahr Grand Prix Strecke Konstrukteur Nationalität Fahrer % Korrekt
69 2018 USA Austin Ferrari FIN Kimi Räikkönen
99%
62 2007 USA Indianapolis McLaren GBR Lewis Hamilton
99%
63 2012 USA Austin McLaren GBR Lewis Hamilton
99%
65 2014 USA Austin Mercedes GBR Lewis Hamilton
99%
66 2015 USA Austin Mercedes GBR Lewis Hamilton
99%
67 2016 USA Austin Mercedes GBR Lewis Hamilton
99%
68 2017 USA Austin Mercedes GBR Lewis Hamilton
99%
71 2021 USA Austin Red Bull NED Max Verstappen
99%
72 2022 Miami Miami Red Bull NED Max Verstappen
99%
73 2022 USA Austin Red Bull NED Max Verstappen
99%
74 2023 Miami Miami Red Bull NED Max Verstappen
99%
64 2013 USA Austin Red Bull GER Sebastian Vettel
99%
55 2000 USA Indianapolis Ferrari GER Michael Schumacher
98%
58 2003 USA Indianapolis Ferrari GER Michael Schumacher
98%
59 2004 USA Indianapolis Ferrari GER Michael Schumacher
98%
60 2005 USA Indianapolis Ferrari GER Michael Schumacher
98%
61 2006 USA Indianapolis Ferrari GER Michael Schumacher
98%
49 1986 USA Detroit Lotus BRA Ayrton Senna
92%
50 1987 USA Detroit Lotus BRA Ayrton Senna
92%
51 1988 USA Detroit McLaren BRA Ayrton Senna
92%
53 1990 USA Phoenix McLaren BRA Ayrton Senna
92%
54 1991 USA Phoenix McLaren BRA Ayrton Senna
92%
52 1989 USA Phoenix McLaren FRA Alain Prost
89%
56 2001 USA Indianapolis McLaren FIN Mika Häkkinen
89%
70 2019 USA Austin Mercedes FIN Valtteri Bottas
89%
28 1975 USA Watkins Glen Ferrari AUT Niki Lauda
86%
41 1982 USA West Long Beach McLaren AUT Niki Lauda
86%
57 2002 USA Indianapolis Ferrari BRA Rubens Barrichello
76%
47 1984 USA Dallas Williams FIN Keke Rosberg
71%
48 1985 USA Ost Detroit Williams FIN Keke Rosberg
71%
37 1980 USA West Long Beach Brabham BRA Nelson Piquet
68%
46 1984 USA Ost Detroit Brabham BRA Nelson Piquet
68%
16 1963 USA Watkins Glen B.R.M. GBR Graham Hill
66%
17 1964 USA Watkins Glen B.R.M. GBR Graham Hill
66%
18 1965 USA Watkins Glen B.R.M. GBR Graham Hill
66%
35 1979 USA West Long Beach Ferrari CAN Gilles Villeneuve
62%
36 1979 USA Ost Watkins Glen Ferrari CAN Gilles Villeneuve
62%
30 1976 USA Ost Watkins Glen McLaren GBR James Hunt
59%
32 1977 USA Ost Watkins Glen McLaren GBR James Hunt
59%
21 1968 USA Watkins Glen Matra GBR Jackie Stewart
58%
25 1972 USA Watkins Glen Tyrrell GBR Jackie Stewart
58%
23 1970 USA Watkins Glen Lotus BRA Emerson Fittipaldi
56%
15 1962 USA Watkins Glen Lotus GBR Jim Clark
55%
19 1966 USA Watkins Glen Lotus GBR Jim Clark
55%
20 1967 USA Watkins Glen Lotus GBR Jim Clark
55%
22 1969 USA Watkins Glen Lotus AUT Jochen Rindt
53%
31 1977 USA West Long Beach Lotus USA Mario Andretti
49%
27 1974 USA Watkins Glen Brabham ARG Carlos Reutemann
42%
33 1978 USA West Long Beach Ferrari ARG Carlos Reutemann
42%
34 1978 USA Ost Watkins Glen Ferrari ARG Carlos Reutemann
42%
38 1980 USA Ost Watkins Glen Williams AUS Alan Jones
41%
39 1981 USA West Long Beach Williams AUS Alan Jones
41%
40 1981 Las Vegas Caesars Palace Williams AUS Alan Jones
41%
11 1959 USA Sebring Cooper NZL Bruce McLaren
41%
29 1976 USA West Long Beach Ferrari SUI Clay Regazzoni
35%
26 1973 USA Watkins Glen Lotus SWE Ronnie Peterson
33%
13 1960 USA Riverside Lotus GBR Stirling Moss
33%
43 1982 Las Vegas Caesars Palace Tyrrell ITA Michele Alboreto
21%
45 1983 USA Ost Detroit Tyrrell ITA Michele Alboreto
21%
42 1982 USA Ost Detroit McLaren GBR John Watson
16%
44 1983 USA West Long Beach McLaren GBR John Watson
16%
24 1971 USA Watkins Glen Tyrrell FRA François Cevert
14%
4 1953 Indianapolis 500 Indianapolis Kurtis Kraft USA Bill Vukovich
11%
5 1954 Indianapolis 500 Indianapolis Kurtis Kraft USA Bill Vukovich
11%
3 1952 Indianapolis 500 Indianapolis Kuzma USA Troy Ruttman
11%
12 1960 Indianapolis 500 Indianapolis Watson USA Jim Rathmann
9%
1 1950 Indianapolis 500 Indianapolis Kurtis Kraft USA Johnnie Parsons
9%
10 1959 Indianapolis 500 Indianapolis Watson USA Rodger Ward
9%
6 1955 Indianapolis 500 Indianapolis Kurtis Kraft USA Bob Sweikert
8%
2 1951 Indianapolis 500 Indianapolis Kurtis Kraft USA Lee Wallard
8%
7 1956 Indianapolis 500 Indianapolis Watson USA Pat Flaherty
8%
8 1957 Indianapolis 500 Indianapolis Epperly USA Sam Hanks
8%
14 1961 USA Watkins Glen Lotus GBR Innes Ireland
7%
9 1958 Indianapolis 500 Indianapolis Epperly USA Jimmy Bryan
7%
Keine übereinstimmenden Quizze gefunden
Verteilung der Resultate
Anzahl Personen mit jedem Resultat
Perzentil nach korrekt beantworteten Fragen
Ihre Resultats-Entwicklung
Sie haben dieses Quiz seit der letzten Aktualisierung nicht gespielt